00442 2200181 4500001002100000005001500021008004100036020001800077035001900095041000700114082001600121090001600137100003500153245001600188250000600204260003300210300001700243INLIS00000000001162920241224114221241224||||||||| | ||| |||| || |  a979-730-484-1 0010-1224011629 aid0 a297.1 YUL s a297.1 YUL s0 aYuliadi Soekardi, U. Syahbudin00aSunan Muria a1 aBandungbPustaka Setiac2004 a124hlm.;26cm